000 00902nam a2200265Ia 4500
005 20220316235934.0
008 141017s1989 ck a gr 000 f spa
020 _a9580408548
041 1 _aspa
100 1 _aKendall, Sarita
245 1 3 _aLa campana del arrecife
_cSarita Kendall ; traducción de Jorge Cárdenas Nanneti ; ilustraciones de Nelson Hernández
250 _aDécima sèptima reimpresión
300 _a174 páginas
_bilustraciones
_c19 cm
650 1 4 _aNovela española
_2LEMB
650 1 4 _aLiteratura española
_2LEMB
700 1 _aCárdenas Nanneti, Jorge
_etraductor
_936095
700 1 _aHernández, Nelson
_eilustrador
_936096
942 _2loc
_cBKLIT
264 _aBogotá
_bNorma
_c1989
336 _atexto
_btxt
_2rdacontent
337 _asin mediación
_bn
_2rdamedia
338 _avolumen
_bnc
_2rdacarrier
040 _aCO-BoRNBP
_bspa
_erda
_cCO-BoRNBP
084 _aN KEN1
999 _c2658
_d2658